| 000 | 00404nam a2200181Ia 4500 | ||
|---|---|---|---|
| 005 | 20240823062714.0 | ||
| 008 | 240823s9999||||xx |||||||||||||| ||und|| | ||
| 041 | _aENGLISH | ||
| 082 | _A530 M8 | ||
| 100 | _aIrodov I E | ||
| 245 | 0 | _aProblems in General Physics | |
| 250 | _a1st | ||
| 260 |
_c1988 _b"Mir,Moscow" |
||
| 500 | _aYES | ||
| 650 |
_aPhysics _bPhysics |
||
| 942 | _cBK | ||
| 999 |
_c236516 _d236516 |
||